000 00812nam a22002777a 4500
001 BR9502485
003 BR-BrBNA
005 20230928094616.0
007 ta
008 230509b bl.||||| |||| 00| 0 por d
040 _aBR-BrBNA
_bpor
_cBiblioteca Nacional de Agricultura
041 _a(Por)
072 _aF30
_b1440
090 _ 1440 BR9502485
100 1 _aEl-Husny, J.C.
110 1 _aUnidade de Execucao de Pesquisa de Ambito Estadual de Boa Vista, Roraima (Brasil)
245 1 _aIntroducao e avaliacao de genotipos de caupi em area de Mata em Roraima
260 3 _aBoa Vista, RR (Brasil):
_c1989.
300 _a3 p.
650 _aFeijao de Corda
650 _aGenotipo
650 _aCaracteristicas Agronomicas
650 _aRoraima
909 _a202309
_bLucia
_c55
_dLucia Elande
942 _cBK
999 _c51636
_d51636